Super memory : (Record no. 57456)

MARC details
000 -LEADER
fixed length control field 00941nam a22002537a 4500
005 - DATE AND TIME OF LATEST TRANSACTION
control field 20111010120521.0
008 - FIXED-LENGTH DATA ELEMENTS--GENERAL INFORMATION
fixed length control field 111010t xxu||||| |||| 00| 0 eng d
010 ## - LCCN (DPL NO)
LC control number ENG-103925
020 ## - INTERNATIONAL STANDARD BOOK NUMBER
International Standard Book Number 9788122205077
Terms of availability 295.00
035 ## - SYSTEM CONTROL NUMBER
System control number EN-87458
037 ## - SOURCE OF ACQUISITION
Source of stock number/acquisition DBAD / PUB
040 ## - CATALOGING SOURCE
Original cataloging agency dpl
Language of cataloging English
082 ## - DEWEY DECIMAL CLASSIFICATION NUMBER
Classification number 153.14
100 ## - MAIN ENTRY--PERSONAL NAME
9 (RLIN) 35374
Personal name Shakuntala Devi
245 ## - TITLE STATEMENT
Title Super memory :
Statement of responsibility, etc by Shakuntala Devi
Remainder of title it can be yours /
260 ## - PUBLICATION, DISTRIBUTION, ETC. (IMPRINT)
Place of publication, distribution, etc New Delhi
Name of publisher, distributor, etc Orient Publishing
Date of publication, distribution, etc 2011
270 ## - ADDRESS
Address 5A/8, Ansari Road
City New Delhi
Postal code 110002
300 ## - PHYSICAL DESCRIPTION
Extent 238p. :
Dimensions 22cm (pbk)
Other physical details ill.
650 ## - SUBJECT ADDED ENTRY--TOPICAL TERM
9 (RLIN) 35375
700 ## - ADDED ENTRY--PERSONAL NAME
9 (RLIN) 35376
942 ## - ADDED ENTRY ELEMENTS (KOHA)
Source of classification or shelving scheme Dewey Decimal Classification
Item type English Books
Call number suffix SHA
Classification part 153.14
Holdings
Withdrawn status Lost status Source of classification or shelving scheme Damaged status Not for loan Collection code Home library Current library Date acquired Source of acquisition Cost, normal purchase price Total Checkouts Full call number Barcode Date last seen Copy number Cost, replacement price Koha item type
    Dewey Decimal Classification   Not For Loan Non-fiction D.B.Act.Division D.B.Act.Division 10/10/2011 DBAD/PUB 295.00   153.14 SHA EN-87458 10/10/2011 1 295.00 English Books

© Delhi Public Library
Hit Counter
free hit counter